000 00208 a2200097 4500
001 26615
100 _aAnderson, J.D
245 _aIntroduction to Flight
260 _a
_bMcGraw-Hill
_c
090 _c17911
_d17911
942 _aNUST-CAE
_cM
_c8793
999 _c261688
_d261688